01772nam a2200337 a 4500001001000000003000900010005001700019008004100036040002500077082001800102100002900120245010500149260004500254300002700299500006400326504003100390590002700421650005000448650005600498650005400554650005800608651007600666910003700742942001400779952013000793952013000923952013001053952011501183952012101298999001501419000006823DO-SdBNP20250421110729.0090903s1991 dr a 001 0 spa d aDO-SdBNPbspacBNPHU a333.31bR621r1 aRivera, Marcos A.91896513aLa reforma agraria, la iglesia católica, las Fuerzas Armadas y los campesinos /cMarcos A. Rivera. aSanto Domingo :bAmigo del Hogar,c1991. a226 p. :bil ;c22 cm. aIncluye datos biográficos del autor en la contracubierta. aBibliografía: p.223-224. aInventariado, 2018/MFF 4aReforma agrariazRepública Dominicana96977 4aTenencia de la tierrazRepública Dominicana96976 4aPolítica agrariazRepública Dominicana918966 7aIglesia y estado en República Dominicana94252LEMB 4aRepública DominicanaxFuerzas ArmadasxActividades políticas918967 aValidado. Control de calidad EMS 2ddccLBS1 001054708DSaGRbGRcHDd2009-09-29iLF1l0o333.31 R621rp6823-30r2020-06-25te. 3w2020-06-25yLFDSZPréstamo en sala 001054708DSaGRbGRcHDd2013-05-01iLF1l0o333.31 R621rp6823-40r2020-06-25te. 4w2020-06-25yLFDSZPréstamo en sala 001054708DSaGRbGRcHDd2013-05-13iLF1l0o333.31 R621rp6823-50r2020-06-25te. 5w2020-06-25yLFDSZPréstamo en sala 0010718PDaPDbPDcHDd2009-09-03iLF1l0o333.31 R621rp6823-10r2020-06-25w2020-06-25yLFPDZNo se presta 0010718PDaPDbPDcHDd2009-09-03iLF1l0o333.31 R621rp6823-20r2020-06-25te. 2w2020-06-25yLFPDZNo se presta c6611d6611